Normal view
MARC view
- تاليف المولى، محمد أحمد جاد وآخرون، م.مشارك : محمد ابو الفضل ابراهيم، علي محمد البجاوي، السيد شحاتة
Entry Personal Name
001 - CONTROL NUMBER
- control field: 49538
003 - CONTROL NUMBER IDENTIFIER
- control field: JO-AjAnu
005 - DATE AND TIME OF LATEST TRANSACTION
- control field: 20230606082149.0
008 - FIXED-LENGTH DATA ELEMENTS
- fixed length control field: 230606|| aca||aabn | a|a d
040 ## - CATALOGING SOURCE
- Original cataloging agency: JO-AjAnu
- Transcribing agency: JO-AjAnu
100 ## - HEADING--PERSONAL NAME
- Personal name: تاليف المولى، محمد أحمد جاد وآخرون، م.مشارك : محمد ابو الفضل ابراهيم، علي محمد البجاوي، السيد شحاتة
670 ## - SOURCE DATA FOUND
- Source citation: Work cat.: (JO-AjAnu)25332: تاليف المولى، محمد أحمد جاد وآخرون، م.مشارك : محمد ابو الفضل ابراهيم، علي محمد البجاوي، السيد شحاتة, author, قصص القرآن